000
00202 a2200097 4500
001
1451
100
_a
Mantell, G.L
245
_a
Electrical engineering
260
_a
_b
Mcgrawhill
_c
090
_c
994
_d
994
942
_a
NUST-CAE
_c
M
_c
36866
999
_c
236524
_d
236524